<?xml version="1.0" encoding="UTF-8"?>
<record
    xmlns:xsi="http://www.w3.org/2001/XMLSchema-instance"
    xsi:schemaLocation="http://www.loc.gov/MARC21/slim http://www.loc.gov/standards/marcxml/schema/MARC21slim.xsd"
    xmlns="http://www.loc.gov/MARC21/slim">

  <leader>00717nam a22001337a 4500</leader>
  <controlfield tag="008">110707t        xxu||||| |||| 00| 0 eng d</controlfield>
  <datafield tag="010" ind1=" " ind2=" ">
    <subfield code="a">C  DOC F-140</subfield>
  </datafield>
  <datafield tag="245" ind1=" " ind2=" ">
    <subfield code="a">Charge: Judith  Engwedu F/A aged 37yrs old Mukiga by tribe, Business woman, resident of Mityana Police Barracks.</subfield>
  </datafield>
  <datafield tag="260" ind1=" " ind2=" ">
    <subfield code="c">1999</subfield>
  </datafield>
  <datafield tag="999" ind1=" " ind2=" ">
    <subfield code="c">4612</subfield>
    <subfield code="d">4612</subfield>
  </datafield>
  <datafield tag="952" ind1=" " ind2=" ">
    <subfield code="0">0</subfield>
    <subfield code="1">0</subfield>
    <subfield code="2">ddc</subfield>
    <subfield code="4">0</subfield>
    <subfield code="6">C_DOC_F140</subfield>
    <subfield code="7">0</subfield>
    <subfield code="9">8178</subfield>
    <subfield code="a">MAIN</subfield>
    <subfield code="b">MAIN</subfield>
    <subfield code="c">LRP</subfield>
    <subfield code="d">2011-07-07</subfield>
    <subfield code="l">0</subfield>
    <subfield code="o">C-DOC F-140</subfield>
    <subfield code="p">1266/1999</subfield>
    <subfield code="r">2011-07-07 00:00:00</subfield>
    <subfield code="w">2011-07-07</subfield>
    <subfield code="y">DOC</subfield>
  </datafield>
  <datafield tag="952" ind1=" " ind2=" ">
    <subfield code="0">0</subfield>
    <subfield code="1">0</subfield>
    <subfield code="2">ddc</subfield>
    <subfield code="4">0</subfield>
    <subfield code="6">C_DOC_F140</subfield>
    <subfield code="7">0</subfield>
    <subfield code="9">8179</subfield>
    <subfield code="a">MAIN</subfield>
    <subfield code="b">MAIN</subfield>
    <subfield code="c">LRP</subfield>
    <subfield code="d">2011-07-07</subfield>
    <subfield code="l">0</subfield>
    <subfield code="o">C-DOC F-140</subfield>
    <subfield code="p">1266/2000</subfield>
    <subfield code="r">2011-07-07 00:00:00</subfield>
    <subfield code="w">2011-07-07</subfield>
    <subfield code="y">DOC</subfield>
  </datafield>
  <datafield tag="952" ind1=" " ind2=" ">
    <subfield code="0">0</subfield>
    <subfield code="1">0</subfield>
    <subfield code="2">ddc</subfield>
    <subfield code="4">0</subfield>
    <subfield code="6">C_DOC_F140</subfield>
    <subfield code="7">0</subfield>
    <subfield code="9">8180</subfield>
    <subfield code="a">MAIN</subfield>
    <subfield code="b">MAIN</subfield>
    <subfield code="c">LRP</subfield>
    <subfield code="d">2011-07-07</subfield>
    <subfield code="l">0</subfield>
    <subfield code="o">C-DOC F-140</subfield>
    <subfield code="p">1266/2001</subfield>
    <subfield code="r">2011-07-07 00:00:00</subfield>
    <subfield code="w">2011-07-07</subfield>
    <subfield code="y">DOC</subfield>
  </datafield>
  <datafield tag="952" ind1=" " ind2=" ">
    <subfield code="0">0</subfield>
    <subfield code="1">0</subfield>
    <subfield code="2">ddc</subfield>
    <subfield code="4">0</subfield>
    <subfield code="6">C_DOC_F140</subfield>
    <subfield code="7">0</subfield>
    <subfield code="9">8181</subfield>
    <subfield code="a">MAIN</subfield>
    <subfield code="b">MAIN</subfield>
    <subfield code="c">LRP</subfield>
    <subfield code="d">2011-07-07</subfield>
    <subfield code="l">0</subfield>
    <subfield code="o">C-DOC F-140</subfield>
    <subfield code="p">1266/2002</subfield>
    <subfield code="r">2011-07-07 00:00:00</subfield>
    <subfield code="w">2011-07-07</subfield>
    <subfield code="y">DOC</subfield>
  </datafield>
</record>
